Most Recent Flag Changes - Statistics

General Stats
  • This quiz has been taken 5 times
  • The average score is 9 of 20
Answer Stats
Hint Answer % Correct
2021 Afghanistan
100%
2008 Kosovo
80%
2011 Libya
80%
2017 Mauritania
80%
2011 South Sudan
80%
2006 Democratic Republic of the Congo
60%
2002 East Timor
60%
2004 Montenegro
60%
2010 Myanmar
60%
2024 Syria
60%
2004 Georgia
40%
2008 Iraq
40%
2006 Lesotho
40%
2004 Serbia
40%
2002 Bahrain
20%
2023 Kyrgyzstan
20%
2012 Malawi
20%
2001 Comoros
0%
2026 Honduras
0%
2006 Venezuela
0%
No matching quizzes found
Score Distribution
Percent of People with Each Score
Percentile by Number Answered
Your Score History
You have not taken this quiz